Statistics for Saint Kitts and Nevis Country Quiz

Click here to take the quiz!

General Stats

  • This quiz has been taken 6,187 times
    (6,152 since last reset)
  • The average score is 10 of 14

Answer Stats

HintAnswer% Correct
Sea in which Saint Kitts and Nevis is situatedCaribbean Sea
99%
Country from which Saint Kitts and Nevis gained its independence in 1983United Kingdom
98%
Saint Kitts is the ______ country in the Western Hemisphere, by area and populationSmallest
95%
Most popular sportCricket
93%
Technically, she is the head of state of Saint Kitts and NevisQueen Elizabeth II
91%
Country which controls the island of Sint Eustatius, just 10km away from Saint KittsNetherlands
82%
Saint Kitts has the second-highest number of these people per-capita,
trailing only Monaco
Billionaires
80%
Umbrella term for the islands and waters in and around that seaWest {Indies}
73%
U.S. founding father that was born in Nevis in 1757, now the subject of a Broadway playAlexander Hamilton
73%
Name one of the three Protestant branches to which half of
the population belongs
Anglican | Methodist |
Pentecostal
69%
Capital of Saint Kitts and NevisBasseterre
58%
Patron saint after which the island of Saint Kitts is namedSaint Christopher
49%
Most populous and capital city of the island of Nevis, named for a kingCharlestown
39%
Shallow channel between the islands of Saint Kitts and NevisThe {Narrows}
23%

Score Distribution

Percentile by Number Answered

Percent of People with Each Score

Your Score History

You have not taken this quiz since the last reset